000 00409nam a2200181Ia 4500
005 20250603145045.0
008 250603s9999 xx 000 0 und d
020 _a9789785205831
050 _aPR 9387.9 .A34/
100 _aAdichie, Chimamanda Ngozi
245 0 _aHalf of a yellow sun
260 _aLagos
260 _bFarafina
260 _c2006
300 _a433 p
650 _aLagos
942 _cBK
999 _c40744
_d40744